An Investigation into the Performance of English Word Stress Performed by the 1st and 2nd Year Student at Foreign Languages college Da Nang University / Languages

Na minha lista:
Detalhes bibliográficos
Autor principal: Nguyễn Thài Liên Hương
Formato: online
Idioma:English
Publicado em: Khoa Anh Ngữ, 2006.
Assuntos:
Tags: Adicionar Tag
Sem tags, seja o primeiro a adicionar uma tag!
Thư viện lưu trữ: Mạng thư viện Đại học Đà Nẵng
LEADER 01005na a2200253 4500
001 000031037
003 5334
005 20230303135633.0
008 151001s2006 000 eng
040 |a LNN 
041 |a eng 
082 |a 420.4  |b NG-H  |2 Languages 
100 |a Nguyễn Thài Liên Hương 
245 3 |a An Investigation into the Performance of English Word Stress Performed by the 1st and 2nd Year Student at Foreign Languages college Da Nang University /  |c Nguyễn Thài Liên Hương  |n Languages 
260 |a Khoa Anh Ngữ,  |c 2006. 
300 |a 48tr. : mh ; 30cm. 
650 |a An Investigation into the Performance of English Word Stress Performed by the 1st and 2nd Year Student at Foreign Languages college Da Nang University, Languages , 2006, Nguyễn Thài Liên Hương, KLSV 
OWN |a LNN 
999 |a From the UDN01 
TYP |a Printed language 
980 |a Mạng thư viện Đại học Đà Nẵng